Tự động hóa hệ thống lạnh
Nội dung sách bao gồm : Cơ sở kỹ thuật điện; cơ sở điều khiển điện trong hệ thống lạnh; tự động hóa hệ thống lạnh; các dụng cụ và thiết bị tự động.
Sparad:
| Huvudupphovsman: | |
|---|---|
| Materialtyp: | Bok |
| Språk: | Undetermined |
| Publicerad: |
Hà Nội
Giáo dục
2007
|
| Ämnen: | |
| Taggar: |
Lägg till en tagg
Inga taggar, Lägg till första taggen!
|
| Thư viện lưu trữ: | Trung tâm Học liệu Trường Đại học Cần Thơ |
|---|
| LEADER | 00904nam a2200205Ia 4500 | ||
|---|---|---|---|
| 001 | CTU_132039 | ||
| 008 | 210402s9999 xx 000 0 und d | ||
| 020 | |c 33500 | ||
| 082 | |a 629.8 | ||
| 082 | |b L462 | ||
| 100 | |a Nguyễn, Đức lợi | ||
| 245 | 0 | |a Tự động hóa hệ thống lạnh | |
| 245 | 0 | |c Nguyễn Đức Lợi | |
| 260 | |a Hà Nội | ||
| 260 | |b Giáo dục | ||
| 260 | |c 2007 | ||
| 520 | |a Nội dung sách bao gồm : Cơ sở kỹ thuật điện; cơ sở điều khiển điện trong hệ thống lạnh; tự động hóa hệ thống lạnh; các dụng cụ và thiết bị tự động. | ||
| 650 | |a Low temperature engineering,Điều khiển tự động,Công nghệ điện lạnh,Automatic control | ||
| 904 | |i Tuyến | ||
| 980 | |a Trung tâm Học liệu Trường Đại học Cần Thơ | ||